Guess the singer - Q - Statistics

General Stats
  • This quiz has been taken 55 times
  • The average score is 2 of 10
Answer Stats
Hint Answer % Correct
Bohemian Rhapsody Queen
100%
No One Knows Queens of the Stone Age
33%
U.N.I.T.Y. Queen Latifah
18%
Metal Health Quiet Riot
18%
Harden My Heart Quarterflash
16%
No Brainer Quavo
16%
Soul Bossa Nova Quincy Jones
14%
Tamara Is a Punk The Queers
6%
Goodbye Horses Q Lazzarus
4%
Medicine Queen Naija
4%
No matching quizzes found
Score Distribution
Percent of People with Each Score
Percentile by Number Answered
Your Score History
You have not taken this quiz